|
|
|
|
| LEADER |
00000nam a2200000 a 4500 |
| 001 |
UCP2181 |
| 003 |
CL-VaPUC |
| 008 |
990507e19600000SP |||||||||||||||||spa|d |
| 082 |
0 |
4 |
|a 621.3
|b COM
|2 21
|
| 110 |
2 |
|
|a Comisión Permanente Española de Electricidad
|e author
|9 428722
|
| 245 |
1 |
0 |
|a Vocabulario electrotécnico internacional
|
| 300 |
|
|
|a 301 p
|
| 942 |
|
|
|c BK
|
| 945 |
|
|
|d 19990507 00:00:00
|a cmena
|
| 260 |
|
|
|a Madrid
|b CPEE
|c 1960
|
| 650 |
|
0 |
|a Electricidad
|9 260222
|
| 650 |
|
0 |
|a Electromagnetismo
|9 260123
|
| 650 |
|
0 |
|a Diccionarios
|9 256200
|
| 650 |
|
0 |
|a Glosarios
|9 261047
|
| 650 |
|
0 |
|a Comunicación
|9 257251
|
| 583 |
|
|
|a last modification
|c 19990507 00:00:00
|k Rodrigo Vera
|
| 999 |
|
|
|c 280763
|d 280761
|